00525nam a2200193 a 4500001001300000003000900013005001700022008004100039020002300080082002000103100002200123245005500145260002400200300000900224500003500233505001300268650002800281700002200309nice12345678IN_TiNIC20260116012820.0050524s1987 gena grp 000 0 eng  a2825459 c10000a305.696097bBIR aBirkland, Carol J aUnified in Hopeb Arabs and Jews Talk About Peace. aGeneva bWCC c1987 a160p aincludes index and biblioraphy2 aAppendix aIslam-Relations Judaism1 aBirkland, Carol J